[Event "ch-RUS Rapid Women 2017"]
[Site "Sochi RUS"]
[Date "2017.10.01"]
[Round "7.9"]
[White "Drozdova, Dina"]
[Black "Goltseva, Ekaterina"]
[Result "1/2-1/2"]
[WhiteTitle "WIM"]
[BlackTitle "WFM"]
[WhiteElo "2223"]
[BlackElo "2214"]
[WhiteFideId "4170695"]
[BlackFideId "24173770"]
[EventDate "2017.09.30"]

1. d4 d5 2. c4 dxc4 3. e4 b5 4. a4 c6 5. b3 e5 6. Nf3 exd4 7. bxc4 bxa4 8. Qxd4
Qxd4 9. Nxd4 Bc5 10. Nc2 Be6 11. Nc3 Nf6 12. f3 Nbd7 13. Nxa4 Bd6 14. Be3 O-O
15. Be2 Be7 16. Nd4 Bb4+ 17. Kf2 c5 18. Nb5 Rfc8 19. Nbc3 Nb6 20. Nd5 Nfxd5 21.
exd5 Bd7 22. Nxb6 axb6 23. Rhc1 Ra5 24. Rxa5 bxa5 25. Bd3 a4 26. Ra1 a3 27. Bc2
Ra8 28. Ra2 Ra5 29. Ke2 Kf8 30. g4 g6 31. Bf4 f6 32. h4 Ra8 33. Bc1 Kf7 34. Be3
Bc8 35. Bb3 Bd7 36. Bc2 Bc8 37. Bb3 Bd7 38. Bc2 Bc8 39. Bb3 Bd7 40. Bc2 1/2-1/2

[Event "ch-RUS Rapid Women 2017"]
[Site "Sochi RUS"]
[Date "2017.10.01"]
[Round "7.10"]
[White "Shafigullina, Zarina"]
[Black "Vasilevich, Tatjana"]
[Result "0-1"]
[WhiteTitle "WFM"]
[BlackTitle "IM"]
[WhiteElo "2130"]
[BlackElo "2360"]
[WhiteFideId "24174220"]
[BlackFideId "14101610"]
[EventDate "2017.09.30"]

1. d4 Nf6 2. Nf3 d5 3. g3 b5 4. Bg2 Bb7 5. O-O e6 6. Ne5 c5 7. a4 a6 8. axb5
axb5 9. Rxa8 Bxa8 10. c4 bxc4 11. Qa4+ Nbd7 12. Bg5 Bb7 13. dxc5 Bxc5 14. Bxf6
gxf6 15. Nxc4 Qa8 16. Nc3 Ke7 17. Na5 Rc8 18. Nxb7 Qxb7 19. Qc2 Bd4 20. e4 Bxc3
21. bxc3 d4 22. c4 Ne5 23. c5 Qb4 24. Rc1 d3 25. Qa2 d2 26. Rd1 Rxc5 27. Qa7+
Kf8 28. Rxd2 Rc1+ 29. Bf1 Qxd2 30. Qa3+ Kg7 0-1

[Event "ch-RUS Rapid Women 2017"]
[Site "Sochi RUS"]
[Date "2017.10.01"]
[Round "7.11"]
[White "Belova, Olga"]
[Black "Bivol, Alina"]
[Result "0-1"]
[WhiteTitle "WFM"]
[BlackTitle "WGM"]
[WhiteElo "2096"]
[BlackElo "2375"]
[WhiteFideId "4138422"]
[BlackFideId "4100123"]
[EventDate "2017.09.30"]

1. e4 e6 2. d4 d5 3. Nc3 Bb4 4. e5 c5 5. Bd2 Ne7 6. Nb5 Bxd2+ 7. Qxd2 O-O 8. Nd6
cxd4 9. f4 Nbc6 10. Nf3 f6 11. Nxc8 Rxc8 12. Bd3 Qb6 13. O-O Nb4 14. exf6 Rxf6
15. Ne5 Rc7 16. Qe2 Nxd3 17. cxd3 Nf5 18. Qh5 Rf8 19. Rab1 Rfc8 20. g4 Ne3 21.
Rfe1 Qb4 22. g5 Qd2 23. Qh3 Re8 24. g6 h6 25. Qf3 Rc2 26. Qg3 Nf5 27. Qh3 Qxf4
28. Ng4 Ne3 29. Rxe3 dxe3 30. Rf1 Qd4 31. Nxe3 Re2 32. Rf3 Qxb2 33. Qf1 Rd2 34.
Rf7 Qd4 35. Kh1 Rxd3 36. Rf4 Qxe3 0-1

[Event "ch-RUS Rapid Women 2017"]
[Site "Sochi RUS"]
[Date "2017.10.01"]
[Round "7.12"]
[White "Maltsevskaya, Aleksandra"]
[Black "Faizutdinova, Diana"]
[Result "1-0"]
[WhiteElo "2271"]
[BlackElo "2046"]
[WhiteFideId "24174041"]
[BlackFideId "24143731"]
[EventDate "2017.09.30"]

1. e4 d5 2. exd5 Qxd5 3. Nc3 Qd6 4. d4 Nf6 5. h3 a6 6. Nf3 g6 7. Bc4 Bg7 8. a4
O-O 9. O-O b6 10. Ne5 c5 11. Bf4 cxd4 12. Qf3 Ra7 13. Nxf7 Qc5 14. Bxb8 Bb7 15.
Nd6+ Bd5 16. Nxd5 Nxd5 17. Qxd5+ 1-0

[Event "ch-RUS Rapid Women 2017"]
[Site "Sochi RUS"]
[Date "2017.10.01"]
[Round "7.13"]
[White "Bykova, Anastasia"]
[Black "Potapova, Margarita"]
[Result "1-0"]
[WhiteTitle "WFM"]
[BlackTitle "WFM"]
[WhiteElo "2234"]
[BlackElo "2187"]
[WhiteFideId "4164970"]
[BlackFideId "14126869"]
[EventDate "2017.09.30"]

1. d4 Nf6 2. Nf3 e6 3. g3 d5 4. c4 Be7 5. Bg2 O-O 6. O-O dxc4 7. e3 b5 8. Nfd2
c6 9. a4 Nd5 10. axb5 cxb5 11. Nc3 b4 12. Nxd5 exd5 13. Nxc4 Nc6 14. Ne5 Nxe5
15. dxe5 Bb7 16. Qd4 Qc7 17. Bd2 Bc5 18. Rfc1 Rfc8 19. Qf4 Qb6 20. Be1 a5 21.
Rd1 Rd8 22. Rac1 a4 23. h4 Bf8 24. Bh3 a3 25. bxa3 bxa3 26. Bc3 a2 27. Bd4 Qa5
28. e6 f6 29. Qc7 Ba3 30. Qf7+ Kh8 31. Rc7 Bf8 32. Rxb7 Qa4 33. Rf1 Re8 34. Bxf6
a1=Q 35. Rxa1 Qxa1+ 36. Bxa1 Rxa1+ 37. Kg2 Raa8 38. e7 1-0

[Event "ch-RUS Rapid Women 2017"]
[Site "Sochi RUS"]
[Date "2017.10.01"]
[Round "7.14"]
[White "Kovanova, Baira"]
[Black "Getman, Tatyana"]
[Result "1-0"]
[WhiteTitle "WGM"]
[WhiteElo "2368"]
[BlackElo "2014"]
[WhiteFideId "4164083"]
[BlackFideId "34166146"]
[EventDate "2017.09.30"]

1. Nf3 Nf6 2. c4 c5 3. Nc3 Nc6 4. e3 e6 5. Be2 Be7 6. O-O O-O 7. b3 b6 8. Bb2
Bb7 9. d3 d5 10. Qd2 Qd7 11. Rad1 Rfd8 12. Qc2 Rac8 13. Qb1 Ba8 14. Rfe1 d4 15.
exd4 Nxd4 16. Nxd4 cxd4 17. Ne4 Bxe4 18. dxe4 e5 19. Rf1 Qc6 20. Bd3 Nh5 21. g3
Qg6 22. Kh1 Qg4 23. f3 Qh3 24. Rg1 Rc6 25. Bf1 Qc8 26. Bc1 Rg6 27. Qd3 Bg5 28.
Bxg5 Rxg5 29. Qd2 Rg6 30. Qf2 Qd7 31. Rd3 Rf6 32. Be2 Rh6 33. Qg2 f6 34. f4 exf4
35. Bxh5 Rxh5 36. gxf4 g6 37. Rg3 Qf7 38. Qe2 Rh4 39. f5 g5 40. e5 Qb7+ 41. R1g2
Re4 42. Qd2 Rxe5 43. Rxg5+ Kh8 44. Rg4 d3 45. h3 Qf3 46. Qh6 Qxf5 47. Qg7# 1-0

[Event "ch-RUS Rapid Women 2017"]
[Site "Sochi RUS"]
[Date "2017.10.01"]
[Round "7.15"]
[White "Belenkaya, Dina"]
[Black "Strukova, Ksenia"]
[Result "1-0"]
[WhiteTitle "WGM"]
[WhiteElo "2346"]
[BlackElo "1906"]
[WhiteFideId "24142654"]
[BlackFideId "34106623"]
[EventDate "2017.09.30"]

1. e4 c5 2. Nf3 e6 3. c4 Nc6 4. Nc3 g6 5. d4 cxd4 6. Nxd4 Bg7 7. Be3 Nf6 8. Be2
O-O 9. O-O a6 10. Nc2 Qc7 11. Bc5 Na7 12. Bxf8 Kxf8 13. Ne3 b6 14. Ng4 Nxg4 15.
Bxg4 Bb7 16. Be2 Kg8 17. Qd3 Nc6 18. Rad1 Ne5 19. Qd6 Rc8 20. Qxc7 Rxc7 21. f4
Nxc4 22. Bxc4 Rxc4 23. Rxd7 Bxc3 24. bxc3 Bxe4 25. Rd4 Rxd4 26. cxd4 Bd5 27. a3
b5 28. Rc1 Bc4 29. Kf2 Kf8 30. Ke3 Ke7 31. Kd2 Kd6 32. Kc3 Kd5 33. Re1 f6 34. g4
a5 35. g5 fxg5 36. Re5+ Kc6 37. fxg5 Bd5 38. Re3 Kd6 39. Re1 Bc4 40. a4 Bd5 41.
axb5 Kc7 42. Rf1 Kb6 43. Rf7 Be4 44. Rxh7 Kxb5 45. Re7 Bf5 46. Rb7+ Kc6 47. Ra7
Kb6 48. Ra8 Kb5 49. Rc8 Kb6 50. h4 Bg4 51. Rc5 Bh5 52. Re5 Bg4 53. Kc4 Kc6 54.
Rxa5 Be2+ 55. Kc3 Kd6 56. Kd2 Bc4 57. Ke3 Bb3 58. Kf4 Bc2 59. Ra8 Kd5 60. Rd8+
Kc4 61. Ke5 Bf5 62. Rh8 Bg4 63. Rh6 Bf5 64. h5 gxh5 65. Rxh5 Kd3 66. Rh6 1-0

[Event "ch-RUS Rapid Women 2017"]
[Site "Sochi RUS"]
[Date "2017.10.01"]
[Round "7.16"]
[White "Belkova, Diana"]
[Black "Semenova, Elena1"]
[Result "0-1"]
[BlackTitle "WIM"]
[WhiteElo "1962"]
[BlackElo "2284"]
[WhiteFideId "34102849"]
[BlackFideId "24125148"]
[EventDate "2017.09.30"]

1. e4 e5 2. Nf3 Nc6 3. d4 exd4 4. Nxd4 Nf6 5. Nxc6 bxc6 6. e5 Qe7 7. Qe2 Nd5 8.
c4 Ba6 9. Nd2 g6 10. Nf3 Bg7 11. b3 O-O 12. Bb2 d6 13. O-O-O Rad8 14. exd6 Qxe2
15. Bxe2 Nf4 16. Bf1 cxd6 17. g3 Ne6 18. Bg2 Rfe8 19. Nd4 Nxd4 20. Bxd4 Re2 21.
Bf3 Rxa2 22. Kb1 Ra5 23. Bxc6 Rb8 24. Kc2 Ra2+ 25. Kc3 Ra3 26. Ba4 Bb7 27. Rhe1
Bf3 28. Rd3 Bc6 29. Bxg7 Bxa4 30. Bh6 Rbxb3+ 0-1

[Event "ch-RUS Rapid Women 2017"]
[Site "Sochi RUS"]
[Date "2017.10.01"]
[Round "8.1"]
[White "Bodnaruk, Anastasia"]
[Black "Ambartsumova, Karina"]
[Result "1/2-1/2"]
[WhiteTitle "IM"]
[BlackTitle "WGM"]
[WhiteElo "2432"]
[BlackElo "2359"]
[WhiteFideId "4181751"]
[BlackFideId "4166299"]
[EventDate "2017.09.30"]

1. e4 c5 2. Nf3 Nc6 3. d4 cxd4 4. Nxd4 Qb6 5. Nb3 Nf6 6. Nc3 e6 7. Be3 Qc7 8.
Bd3 Bb4 9. O-O Bxc3 10. bxc3 b6 11. Bg5 Bb7 12. f4 d6 13. Bxf6 gxf6 14. a4 Ke7
15. Qh5 Na5 16. Nxa5 bxa5 17. Rab1 Bc6 18. Rbe1 Bxa4 19. e5 f5 20. Qg5+ Kd7 21.
Qf6 Rhf8 22. Rd1 Qxc3 23. Bxf5 Qc5+ 24. Kh1 d5 25. Bxh7 Qe7 26. Qxe7+ Kxe7 27.
Ra1 Bb5 28. Bd3 Bxd3 29. cxd3 Rfc8 30. Rxa5 Rc3 31. Rfa1 Rxd3 32. Rxa7+ Rxa7 33.
Rxa7+ Kf8 34. g3 d4 35. Kg2 Rd2+ 36. Kh3 d3 37. Rd7 Ke8 38. Rd4 Kf8 39. Kg4 Rxh2
40. Rxd3 Kg7 41. Kg5 Rh6 42. Rd7 Rg6+ 43. Kh4 Rh6+ 44. Kg4 Rg6+ 45. Kf3 Rh6 46.
Ra7 Rh1 47. g4 Rf1+ 48. Kg3 Kg6 49. Ra4 Rg1+ 50. Kf3 Rf1+ 51. Ke4 Re1+ 52. Kf3
Rf1+ 53. Kg2 Rb1 54. Ra6 Kg7 55. Kg3 Rf1 56. Rb6 Kg8 57. Rb3 Kg7 58. Rf3 Re1 59.
Kh4 Re2 60. Kg5 Re1 61. Rb3 Re2 62. Rb5 Rg2 63. Ra5 Rg1 64. Ra2 Re1 65. Ra5 Rg1
66. Rb5 Rg2 67. Rb3 Re2 68. Rh3 Re4 69. Rc3 Re1 70. Rc5 Rg1 71. f5 exf5 72. Kxf5
Rf1+ 73. Kg5 Re1 74. Kf5 Rf1+ 75. Kg5 Re1 76. Ra5 Re2 77. Kf4 Re1 78. Ra4 Kg6
79. Ra6+ Kg7 80. Rf6 Rf1+ 81. Kg5 Re1 82. Rf5 Rxe5 83. Rxe5 f6+ 84. Kf5 fxe5 85.
Kxe5 Kg6 86. Kf4 Kf6 87. g5+ Kg6 88. Kg4 Kg7 89. Kf5 Kf7 90. g6+ Kg7 91. Kg5 Kg8
92. Kf6 Kf8 93. g7+ Kg8 94. Kg6 1/2-1/2

[Event "ch-RUS Rapid Women 2017"]
[Site "Sochi RUS"]
[Date "2017.10.01"]
[Round "8.2"]
[White "Kashlinskaya, Alina"]
[Black "Charochkina, Daria"]
[Result "1/2-1/2"]
[WhiteTitle "IM"]
[BlackTitle "IM"]
[WhiteElo "2446"]
[BlackElo "2339"]
[WhiteFideId "4198026"]
[BlackFideId "4180917"]
[EventDate "2017.09.30"]

1. d4 d5 2. c4 c6 3. Nf3 Nf6 4. Nc3 e6 5. Bg5 Nbd7 6. cxd5 exd5 7. e3 h6 8. Bh4
g5 9. Bg3 Nh5 10. Qc2 Nxg3 11. hxg3 Nb6 12. Bd3 Be6 13. O-O-O Qe7 14. Kb1 O-O-O
15. Ne5 Bg7 16. f4 Kb8 17. a4 Bxe5 18. dxe5 Qb4 19. f5 Bc8 20. Be2 Qc5 21. Rd4
Rhe8 22. b4 Qe7 23. a5 Nc4 24. Bxc4 dxc4 25. Rxc4 Qxe5 26. e4 Rd4 27. Rxd4 Qxd4
28. Qb3 Qd3+ 29. Kb2 Qxg3 30. Rd1 Qxg2+ 31. Ka3 Qf3 32. Kb2 Qf2+ 33. Ka3 Qe3 34.
Kb2 Qf2+ 35. Ka3 Qf3 36. Kb2 g4 37. Qxf7 Rxe4 38. Nxe4 Qxd1 39. Qe8 g3 40. Qe5+
Ka8 41. Nxg3 Qd2+ 42. Kb3 Qd3+ 43. Kb2 Qd2+ 44. Kb3 Qd1+ 45. Kc4 Qc2+ 46. Qc3
Qf2 47. Qe5 Qc2+ 48. Qc3 Qa2+ 49. Kd4 Qd5+ 50. Ke3 Qg2 51. Qe5 Qg1+ 52. Kf4 Qc1+
53. Kg4 Qg5+ 54. Kf3 h5 55. Qh8 Kb8 56. f6 Qg4+ 57. Kf2 h4 58. Nf1 h3 59. Qg7
Qf4+ 60. Kg1 Qd4+ 61. Kh1 Qe4+ 62. Kg1 Qd4+ 63. Kh1 Qe4+ 64. Kg1 Qd4+ 65. Kh1
Qd1 1/2-1/2

[Event "ch-RUS Rapid Women 2017"]
[Site "Sochi RUS"]
[Date "2017.10.01"]
[Round "8.3"]
[White "Gritsayeva, Oksana"]
[Black "Pogonina, Natalija"]
[Result "1/2-1/2"]
[WhiteTitle "WFM"]
[BlackTitle "WGM"]
[WhiteElo "2373"]
[BlackElo "2466"]
[WhiteFideId "14104652"]
[BlackFideId "4147855"]
[EventDate "2017.09.30"]

1. d4 Nf6 2. Nf3 d5 3. Bf4 e6 4. e3 Bd6 5. Bxd6 Qxd6 6. c4 dxc4 7. Nc3 Qb4 8.
Qc2 Nc6 9. Be2 O-O 10. O-O Re8 11. a3 Qe7 12. Bxc4 e5 13. Bb5 exd4 14. exd4 Bd7
15. d5 Ne5 16. Nxe5 Qxe5 17. Bxd7 Nxd7 18. Nb5 c6 19. dxc6 Qxb5 20. cxd7 Qxd7
21. Rad1 1/2-1/2

[Event "ch-RUS Rapid Women 2017"]
[Site "Sochi RUS"]
[Date "2017.10.01"]
[Round "8.4"]
[White "Ubiennykh, Ekaterina"]
[Black "Nechaeva, Marina"]
[Result "1/2-1/2"]
[WhiteTitle "WIM"]
[BlackTitle "IM"]
[WhiteElo "2308"]
[BlackElo "2431"]
[WhiteFideId "4137582"]
[BlackFideId "4149351"]
[EventDate "2017.09.30"]

1. d4 d5 2. c4 c6 3. Nf3 Nf6 4. e3 Bf5 5. Nc3 e6 6. Nh4 Be4 7. f3 Bg6 8. Qb3 Qc7
9. Bd2 Be7 10. O-O-O Nfd7 11. Nxg6 hxg6 12. Kb1 dxc4 13. Bxc4 b5 14. Be2 a5 15.
Qc2 Na6 16. e4 Nb4 17. Qc1 a4 18. d5 exd5 19. exd5 O-O 20. Bf4 Qb7 21. dxc6 Nxc6
22. Nxb5 Rfc8 23. Qe3 Nf6 24. Bd6 a3 25. b3 Re8 26. Qf4 Bxd6 27. Nxd6 Qb8 28.
Bc4 Nd8 29. g4 Ne6 30. Qe5 Re7 31. Rhe1 Nd7 32. Qc3 Nb6 33. Nxf7 Nxc4 34. Qxc4
Qxh2 35. Re2 Qc7 36. Qxc7 Rxc7 37. Ne5 Nf4 38. Re4 g5 39. Nc4 Rf7 40. Red4 Rff8
41. Re1 Ra7 42. Re5 Nh3 43. Rf5 Re8 44. Re4 Rd8 45. Kc2 Nf2 46. Re6 Nd3 47. Re2
Nb4+ 48. Kc1 Nd3+ 49. Kc2 Nb4+ 50. Kc1 1/2-1/2

[Event "ch-RUS Rapid Women 2017"]
[Site "Sochi RUS"]
[Date "2017.10.01"]
[Round "8.5"]
[White "Goryachkina, Aleksandra"]
[Black "Bykova, Anastasia"]
[Result "1-0"]
[WhiteTitle "WGM"]
[BlackTitle "WFM"]
[WhiteElo "2478"]
[BlackElo "2234"]
[WhiteFideId "4147103"]
[BlackFideId "4164970"]
[EventDate "2017.09.30"]

1. e4 c6 2. d4 d5 3. Nc3 dxe4 4. Nxe4 h6 5. Nf3 Bf5 6. Ng3 Bh7 7. Bd3 Bxd3 8.
Qxd3 Nf6 9. Bd2 e6 10. O-O-O Be7 11. Ne2 Nbd7 12. Rhg1 Qb6 13. Ne5 Qb5 14. Nxd7
Nxd7 15. Qxb5 cxb5 16. d5 exd5 17. Nc3 O-O 18. Nxb5 Bc5 19. Rgf1 Rac8 20. Bc3 a6
21. Nd4 Nb6 22. Nf5 f6 23. Bd4 Rfd8 24. b4 Bxd4 25. Ne7+ Kf7 26. Nxc8 Rxc8 27.
Rxd4 Ke6 28. Re1+ Kd6 29. h4 h5 30. g4 hxg4 31. Rxg4 Rh8 32. a3 Nd7 33. Rd1 Kc6
34. c4 dxc4 35. Rxc4+ Kb5 36. Rc7 Ne5 37. f4 Nf3 38. Rd5+ Kb6 39. Rxg7 Rxh4 40.
Rd6+ Kb5 41. Rxb7+ Ka4 42. Rxa6+ Kb3 43. Kd1 Rxf4 44. Rd7 Ne5 45. Rd8 Nc4 46.
Rd3+ Kb2 47. b5 Re4 48. b6 Ne3+ 49. Rxe3 Rxe3 50. b7 Rb3 51. Ra4 Rd3+ 52. Ke2
Rd8 53. Ra8 1-0

[Event "ch-RUS Rapid Women 2017"]
[Site "Sochi RUS"]
[Date "2017.10.01"]
[Round "8.6"]
[White "Bivol, Alina"]
[Black "Voit, Daria"]
[Result "1/2-1/2"]
[WhiteTitle "WGM"]
[BlackTitle "FM"]
[WhiteElo "2375"]
[BlackElo "2387"]
[WhiteFideId "4100123"]
[BlackFideId "4182146"]
[EventDate "2017.09.30"]

1. Nf3 c5 2. e4 g6 3. d4 cxd4 4. Nxd4 Nf6 5. Nc3 d6 6. Be2 Bg7 7. O-O O-O 8. Re1
Nc6 9. Bf1 Nxd4 10. Qxd4 Be6 11. Qb4 Qc7 12. h3 Rfc8 13. Be3 Nd7 14. Nb5 Qxc2
15. Nxa7 Rcb8 16. Re2 Qc4 17. Qxc4 Bxc4 18. Rc2 Be6 19. a3 Nc5 20. Bxc5 dxc5 21.
Nb5 b6 22. f4 Bb3 23. Rf2 Rd8 24. e5 f6 25. Re1 fxe5 26. fxe5 Bh6 27. Rf3 Bd5
28. Rf2 Rac8 29. Nc3 Be6 30. Ba6 Rc7 31. Bb5 Rd4 32. Kh2 Rc8 33. g3 Rcd8 34.
Ree2 Bb3 35. e6 Rf8 36. Rxf8+ Kxf8 37. Kg2 Kg7 38. Rf2 Bxe6 39. Re2 Kf6 40. Rf2+
Kg7 41. Re2 Rd2 42. Rxd2 Bxd2 43. Na4 Ba5 44. b4 cxb4 45. axb4 Bxb4 46. Nxb6 Bc5
47. Nc4 Bd5+ 48. Kh2 Kf6 49. g4 Bf2 50. Nb2 e5 51. Nd3 Bh4 52. Nb4 Bb3 53. Bd3
Kg5 54. Bb1 Be1 55. Nd3 Bc3 56. Nc5 Bd5 57. Ne4+ Bxe4 58. Bxe4 Kf4 1/2-1/2

[Event "ch-RUS Rapid Women 2017"]
[Site "Sochi RUS"]
[Date "2017.10.01"]
[Round "8.7"]
[White "Sukhareva, Evgeniya"]
[Black "Girya, Olga"]
[Result "0-1"]
[BlackTitle "WGM"]
[WhiteElo "2207"]
[BlackElo "2505"]
[WhiteFideId "4167155"]
[BlackFideId "4195752"]
[EventDate "2017.09.30"]

1. d4 d5 2. Nf3 Nf6 3. c4 e6 4. Bg5 dxc4 5. Qa4+ Nbd7 6. Qxc4 h6 7. Bh4 c5 8. e3
a6 9. a4 b5 10. Qc2 Qa5+ 11. Nbd2 Bb7 12. Qd1 Qb4 13. Bxf6 gxf6 14. Qb3 c4 15.
Qxb4 Bxb4 16. Be2 Rg8 17. g3 Ke7 18. O-O f5 19. Rfd1 Nb6 20. axb5 axb5 21. Ne5
f6 22. Nef3 Na4 23. Rab1 Bd5 24. Kf1 Rgc8 25. Rdc1 Nxb2 26. Rxb2 Ba3 27. Rbb1
Bxc1 28. Rxc1 c3 29. Rb1 cxd2 30. Nxd2 Ra2 31. Nb3 Bxb3 0-1

[Event "ch-RUS Rapid Women 2017"]
[Site "Sochi RUS"]
[Date "2017.10.01"]
[Round "8.8"]
[White "Vasilevich, Tatjana"]
[Black "Styazhkina, Anna"]
[Result "1-0"]
[WhiteTitle "IM"]
[BlackTitle "WIM"]
[WhiteElo "2360"]
[BlackElo "2301"]
[WhiteFideId "14101610"]
[BlackFideId "24119300"]
[EventDate "2017.09.30"]

1. d4 d5 2. c4 c6 3. Nf3 Nf6 4. e3 Bf5 5. Nc3 e6 6. Nh4 Be4 7. f3 Bg6 8. Qb3 Qc7
9. Nxg6 hxg6 10. g3 Bd6 11. f4 Nbd7 12. Bd2 Be7 13. Rc1 Qb6 14. Qc2 dxc4 15.
Bxc4 Ng4 16. Be2 Ngf6 17. Bf3 Nd5 18. Na4 Qd8 19. e4 Nb4 20. Qb3 c5 21. dxc5 Nc6
22. Be3 Qa5+ 23. Kf2 O-O 24. Rhd1 Qc7 25. e5 Rad8 26. Qc3 g5 27. b4 gxf4 28.
gxf4 a6 29. Nb2 Na7 30. a4 f6 31. Qc4 Nxe5 32. Qxe6+ Nf7 33. Bh5 Nc6 34. Rg1 Nd4
35. Qg4 g5 36. fxg5 fxg5 37. Ke1 Qe5 38. Nc4 Qxh2 39. Bxd4 Rxd4 40. Bxf7+ Rxf7
41. Qxd4 Bf6 42. Ne5 Re7 43. Kd1 Rxe5 44. Rc2 Qh5+ 45. Qg4 Qe8 46. Re2 Qxa4+ 47.
Ke1 Qa1+ 48. Kf2 Rxe2+ 49. Kxe2 Qb2+ 50. Kf3 Qc3+ 51. Kg2 Qd2+ 52. Kh3 Qd3+ 53.
Kg2 Qd2+ 54. Kh1 Qd5+ 55. Qg2 Qf5 56. Rd1 Qh7+ 57. Kg1 Qe7 58. Qd5+ Kh8 59. Qd3
Qe6 60. Qf3 g4 61. Qd3 Qe5 62. Kg2 Kg7 63. Qd7+ Kf8 64. Qc8+ Kg7 65. Qxg4+ Kf8
66. Qc8+ Kg7 67. Qxb7+ Kg6 68. Qf3 Qb2+ 69. Kh3 Qxb4 70. Qg4+ Qxg4+ 71. Kxg4 a5
72. c6 1-0

[Event "ch-RUS Rapid Women 2017"]
[Site "Sochi RUS"]
[Date "2017.10.01"]
[Round "8.9"]
[White "Bezgodova, Svetlana"]
[Black "Drozdova, Dina"]
[Result "1/2-1/2"]
[WhiteTitle "WIM"]
[BlackTitle "WIM"]
[WhiteElo "2060"]
[BlackElo "2223"]
[WhiteFideId "4110650"]
[BlackFideId "4170695"]
[EventDate "2017.09.30"]

1. Nf3 Nf6 2. g3 b6 3. Bg2 Bb7 4. O-O e6 5. d3 c5 6. Nbd2 d6 7. a4 Qc7 8. e4
Nbd7 9. b3 Be7 10. Bb2 a6 11. Re1 O-O 12. e5 dxe5 13. Nxe5 Bxg2 14. Kxg2 Qb7+
15. Qf3 Qxf3+ 16. Kxf3 Nxe5+ 17. Bxe5 Nd5 18. Nc4 f6 19. Bb2 Kf7 20. Re4 b5 21.
Na3 Nc7 22. Rae1 e5 23. Kg2 Bd6 24. Nb1 Rfe8 25. Bc3 Ne6 26. Rh4 h6 27. Rhe4 g5
28. R4e2 Rec8 29. Nd2 Rc6 30. Ra1 Rcc8 31. Ra2 Nd4 32. Bxd4 cxd4 33. Ne4 Bb4 34.
g4 Kg6 35. Ng3 Rab8 36. axb5 a5 37. Kf3 Rxb5 38. Ke4 Rb7 39. f3 Rbc7 40. h4 Ra7
41. Rh2 Be1 42. Nf5 gxh4 43. Rh1 Bg3 44. Nxh4+ Bxh4 45. Rxh4 Rac7 46. Rh2 Rc5 1/2-1/2

[Event "ch-RUS Rapid Women 2017"]
[Site "Sochi RUS"]
[Date "2017.10.01"]
[Round "8.10"]
[White "Goltseva, Ekaterina"]
[Black "Tomilova, Elena"]
[Result "0-1"]
[WhiteTitle "WFM"]
[BlackTitle "WIM"]
[WhiteElo "2214"]
[BlackElo "2307"]
[WhiteFideId "24173770"]
[BlackFideId "4162340"]
[EventDate "2017.09.30"]

1. d4 Nf6 2. c4 b6 3. Nc3 Bb7 4. d5 e6 5. e4 Bb4 6. Bd3 Bxc3+ 7. bxc3 d6 8. Ne2
Nbd7 9. O-O O-O 10. Bg5 h6 11. Bh4 Re8 12. f3 Nc5 13. Nd4 a5 14. Re1 g5 15. Bf2
Nfd7 16. Bf1 Ba6 17. Be3 Qf6 18. Qd2 Kg7 19. Be2 Ne5 20. Nb5 Bxb5 21. cxb5 Ned7
22. Rf1 e5 23. Rf2 Kh7 24. Bd3 Nxd3 25. Qxd3 Rg8 26. Kf1 Qg6 27. Ke2 Rgf8 28. g4
h5 29. gxh5 Qxh5 30. Rg1 Rg8 31. Rfg2 f6 32. Bf2 Nf8 33. Bg3 Ng6 34. Qe3 Qh3 35.
Qf2 a4 36. a3 f5 37. Qf1 fxe4 38. fxe4 Raf8 39. Rf2 Rxf2+ 40. Qxf2 Rf8 41. Qg2
Qg4+ 42. Ke3 Qd7 43. c4 Qg4 44. Qe2 Qh3 45. Qg2 Qh5 46. Qe2 Qh3 47. Qg2 Nf4 48.
Qxh3+ Nxh3 49. Re1 Kg6 50. Ke2 Nf4+ 51. Bxf4 Rxf4 52. Ke3 Rh4 53. Re2 Rh3+ 54.
Kd2 Rxa3 55. Kc1 Rc3+ 56. Kb2 Rxc4 57. Ka3 g4 58. Re3 Kg5 59. Re1 Kf4 60. Rg1
Rxe4 61. Rc1 Rd4 62. Rxc7 e4 63. Rf7+ Ke5 64. Rg7 e3 65. Re7+ Kf4 66. Re6 Rxd5
67. Kxa4 Re5 68. Rxd6 e2 0-1

[Event "ch-RUS Rapid Women 2017"]
[Site "Sochi RUS"]
[Date "2017.10.01"]
[Round "8.11"]
[White "Kovanova, Baira"]
[Black "Maltsevskaya, Aleksandra"]
[Result "1/2-1/2"]
[WhiteTitle "WGM"]
[WhiteElo "2368"]
[BlackElo "2271"]
[WhiteFideId "4164083"]
[BlackFideId "24174041"]
[EventDate "2017.09.30"]

1. d4 Nf6 2. Nf3 g6 3. c4 Bg7 4. Nc3 O-O 5. Bf4 d6 6. e3 b6 7. Be2 Nbd7 8. h3
Bb7 9. O-O Ne4 10. Nxe4 Bxe4 11. Nd2 Bb7 12. Bf3 Qc8 13. Qc2 e5 14. dxe5 dxe5
15. Bg3 Nc5 16. b4 e4 17. Bg4 f5 18. Be2 Bxa1 19. Rxa1 Ne6 20. Be5 Qd7 21. Nb3
Rad8 22. Bb2 c5 23. bxc5 bxc5 24. Qc3 Qg7 25. Qc2 Qe7 26. Qc3 Kf7 27. Qe5 Bc6
28. h4 h5 29. g3 Ba4 30. Bd1 Rfe8 31. Be2 Bxb3 32. axb3 Rd2 33. Rxa7 Qxa7 34.
Qf6+ Kg8 35. Qh8+ Kf7 36. Qf6+ Kg8 37. Qh8+ Kf7 38. Qf6+ Kg8 1/2-1/2

[Event "ch-RUS Rapid Women 2017"]
[Site "Sochi RUS"]
[Date "2017.10.01"]
[Round "8.12"]
[White "Kharmunova, Nadezhda"]
[Black "Belenkaya, Dina"]
[Result "1-0"]
[WhiteTitle "WIM"]
[BlackTitle "WGM"]
[WhiteElo "2199"]
[BlackElo "2346"]
[WhiteFideId "4195876"]
[BlackFideId "24142654"]
[EventDate "2017.09.30"]

1. d4 d5 2. Nf3 Nf6 3. g3 g6 4. Bg2 Bg7 5. O-O O-O 6. Nbd2 c6 7. Ne5 Ng4 8. Ndf3
Nxe5 9. dxe5 Bg4 10. Bf4 Nd7 11. Qd4 Bxf3 12. Bxf3 e6 13. e4 g5 14. Be3 Nxe5 15.
Qd1 Nxf3+ 16. Qxf3 Qf6 17. Qg4 Qxb2 18. Bxg5 f5 19. exf5 exf5 20. Qf4 Qxc2 21.
Rab1 Rf7 22. Bh6 Qe4 23. Qd2 d4 24. Bxg7 Rxg7 25. Rfe1 Qd5 26. Qf4 Rd8 27. Re5
Qd6 28. Rbe1 Rf8 29. Qh4 d3 30. Qc4+ Kh8 31. Qc3 Kg8 32. Qc4+ Kh8 33. Qc3 f4 34.
Re6 Qd5 35. Re7 Qg5 36. Rxb7 fxg3 37. hxg3 Qf6 38. Qxf6 Rxf6 39. Re8+ Rg8 40.
Ree7 Rd8 41. Rxh7+ Kg8 42. Rbg7+ Kf8 43. Rxa7 Rg6 44. Rad7 Ke8 45. Rhe7+ Kf8 46.
Rxd8+ Kxe7 47. Rxd3 c5 48. f4 c4 49. Rc3 Kd6 50. Rxc4 Rxg3+ 51. Kf2 Ra3 52. Re4
Rxa2+ 53. Kg3 Ra8 54. f5 Rg8+ 55. Kf4 Rg1 56. Re3 Kd7 57. f6 Kd8 58. Kf5 Kd7 59.
f7 Rf1+ 60. Kg6 Rg1+ 61. Kf6 Rf1+ 62. Kg7 Rg1+ 63. Kf8 Rg2 64. Rd3+ Kc7 65. Rd4
Rg3 66. Ke7 Re3+ 67. Kf6 Rf3+ 68. Ke6 Re3+ 69. Kf5 Rf3+ 70. Rf4 1-0

[Event "ch-RUS Rapid Women 2017"]
[Site "Sochi RUS"]
[Date "2017.10.01"]
[Round "8.13"]
[White "Semenova, Elena1"]
[Black "Afanasieva, Alexandra"]
[Result "0-1"]
[WhiteTitle "WIM"]
[BlackTitle "WFM"]
[WhiteElo "2284"]
[BlackElo "2112"]
[WhiteFideId "24125148"]
[BlackFideId "34126926"]
[EventDate "2017.09.30"]

1. e4 c5 2. Nc3 Nc6 3. Bb5 Nd4 4. Bc4 g6 5. Nge2 Bg7 6. Nxd4 cxd4 7. Qf3 Nf6 8.
e5 dxc3 9. dxc3 O-O 10. exf6 Bxf6 11. O-O d6 12. Re1 Qc7 13. Bd5 Bg7 14. Bg5 e6
15. Be4 d5 16. Bd3 Bd7 17. Bf6 Bc6 18. Bxg7 Kxg7 19. Qe3 Rfe8 20. h4 e5 21. h5
Qd6 22. Qg3 Qf6 23. Re3 e4 24. Bf1 Qe5 25. Qxe5+ Rxe5 26. hxg6 hxg6 27. Rh3 f5
28. g3 Rh8 29. Rxh8 Kxh8 30. Re1 Kg7 31. Rd1 Kf6 32. Rd4 g5 33. a4 f4 34. gxf4
gxf4 35. Bb5 a6 36. Bxc6 bxc6 37. Rb4 c5 38. Rb6+ Re6 39. a5 Ke5 40. b4 cxb4 41.
Rxe6+ Kxe6 42. cxb4 Kd6 43. c3 Kc6 44. Kh2 Kb5 45. Kh3 Kc4 46. Kg4 e3 47. fxe3
fxe3 48. Kf3 Kd3 0-1